| 000 | 02373cam a2200649 i 4500 | ||
|---|---|---|---|
| 001 | 22801 | ||
| 003 | CZ PrNK | ||
| 005 | 20260428083428.0 | ||
| 007 | ta | ||
| 008 | 191205s2019 xr acf e 000 0bcze d | ||
| 015 | _acnb003166243 | ||
| 020 |
_a9788087685822 _q(vázáno) |
||
| 035 | _a(OCoLC)1350559444 | ||
| 040 |
_aKLG001 _bcze _dBOA001 _dABA001 _erda |
||
| 043 | _ae-xr--- | ||
| 045 | _ax3y1 | ||
| 072 | 7 |
_a78.07 _xHudebníci, skladatelé a jiná hudební povolání _2Konspekt |
|
| 072 | 7 |
_a929 _xBiografie _2Konspekt |
|
| 080 |
_a78.03.011.26.071.2 _2MRF |
||
| 080 |
_a78.03.011.26 _2MRF |
||
| 080 |
_a929 _2MRF |
||
| 080 |
_a(437.3) _2MRF |
||
| 080 |
_a(092) _2MRF |
||
| 080 |
_a(047.53) _2MRF |
||
| 100 | 1 |
_aČermáková, Dana, _d1960- _4aut |
|
| 245 | 1 | 0 |
_aKarel : _bžije dál... / _cDana a Petr Čermákovi |
| 246 | 3 | _aKarel žije dál... | |
| 250 | _aPrvní vydání | ||
| 264 | 1 |
_a[Praha] : _bImagination of People, _c2019 |
|
| 300 |
_a191 stran, xlvi stran obrazových příloh : _bilustrace (převážně barevné), portréty ; _c24 cm + _e1 plakát (88 x 64 cm složeno na 22 x 16 cm) |
||
| 336 |
_atext _btxt _2rdacontent |
||
| 337 |
_abez média _bn _2rdamedia |
||
| 338 |
_asvazek _bnc _2rdacarrier |
||
| 338 |
_alist _bnb _2rdacarrier |
||
| 490 | 1 | _aPortréty | |
| 504 | _aObsahuje bibliografii a bibliografické odkazy | ||
| 600 | 1 | 7 |
_aGott, Karel, _d1939-2019 _2czenas |
| 648 | 4 | _a1939-2019 | |
| 648 | 7 |
_a20.-21. století _2czenas |
|
| 650 | 0 | 7 |
_apopulární zpěváci _zČesko _y20.-21. století _2czenas |
| 650 | 0 | 7 |
_apopulární zpěváci _xpřátelé a spolupracovníci _2czenas |
| 650 | 0 | 7 |
_apopulární zpěváci _xpartnerské a rodinné vztahy _2czenas |
| 650 | 0 | 7 |
_apopulární hudba _zČesko _y20.-21. století _2czenas |
| 650 | 0 | 9 |
_apopular singers _zCzechia _y20th-21st centuries _2eczenas |
| 650 | 0 | 9 |
_apopular singers _xfriends and associates _2eczenas |
| 650 | 0 | 9 |
_apopular singers _xpartner and family relationships _2eczenas |
| 650 | 0 | 9 |
_apopular music _zCzechia _y20th-21st centuries _2eczenas |
| 655 | 7 |
_abiografie _2czenas |
|
| 655 | 7 |
_arozhovory _2czenas |
|
| 655 | 9 |
_abiography _2eczenas |
|
| 655 | 9 |
_ainterviews _2eczenas |
|
| 700 | 1 |
_aČermák, Petr, _d1956- _4aut |
|
| 830 | 0 | _aPortréty (Imagination of People) | |
| 901 |
_b9788087685822 _f1. vydání _o20221017 |
||
| 910 | _aABA001 | ||
| 942 |
_2ddc _cKLDO _n0 |
||
| 999 |
_c22801 _d22801 |
||